La Novela vanguardista de Mario Verdaguer / Rafael Fuentes Mollá
Descripción Física:
173 p. ; 24 cm
MARC
| LEADER | 00000nam a2200000Ia 4500 | ||
|---|---|---|---|
| 001 | 6666 | ||
| 008 | 160829s1985 xx 000 0 cat d | ||
| 080 | |a L-1-54 | ||
| 100 | |a Fuentes Mollá, Rafael |9 24555 | ||
| 245 | |a La Novela vanguardista de Mario Verdaguer / Rafael Fuentes Mollá | ||
| 260 | |a Barcelona : |b Diputació de Barcelona, Biblioteca de Catalunya, |c 1985 | ||
| 300 | |a 173 p. ; |c 24 cm | ||
| 650 | |a Verdaguer, Màrius |x Crítica i interpretació |9 24556 | ||
| 710 | 1 | |a Barcelona (Catalunya : Província). |b Diputació |9 52408 | |
| 710 | 1 | |a Biblioteca de Catalunya |9 52741 | |
| 901 | |a Arxiu | ||
| 942 | |n 1 | ||
| 952 | |0 0 |1 0 |4 0 |6 L154 |7 1 |9 43207 |a Arxiu |b Arxiu |d 2016-12-01 |l 0 |o L-1-54 |p 6666 |r 2016-12-01 00:00:00 |w 2016-12-01 |y ARXIU | ||
| 999 | |c 45751 |d 45751 | ||